000 00531nam a2200181Ia 4500
999 _c32602
_d32602
003 OSt
005 20201013104536.0
008 190216s9999||||xx |||||||||||||| ||und||
020 _a9788188801527
040 _coclc
082 _a796
_bVIS/M
100 _aViswanath, K
_95638
245 0 _aMilkha Muthal Sania Vare:
_bIndian Sportsile 15 Mukhangal /
_c K Viswanath
260 _bLipi Publications,
_aKozhikode:
_c2006.
300 _a104p
650 _aMalayalam
942 _cBK
_2ddc
_h796
_iVIS/M
_k796
_mVIS/M